| 000 | 00458nam a2200193Ia 4500 | ||
|---|---|---|---|
| 005 | 20240823045737.0 | ||
| 008 | 240823s9999||||xx |||||||||||||| ||und|| | ||
| 020 | _a978-1-107-64550-9 | ||
| 041 | _aENGLISH | ||
| 082 | _A517.35 Q1 | ||
| 100 | _aJames J F | ||
| 245 | 2 | _aA Student Guide to Fourier Transforms | |
| 250 | _a3rd | ||
| 260 |
_c2011 _bcambridge publ |
||
| 500 | _aYES | ||
| 650 |
_aTransforms _bElectrical |
||
| 942 | _cBK | ||
| 999 |
_c215663 _d215663 |
||